| 000 | 00000nas 2200000za 4500 |
| 001 | 9.505949 |
| 003 | CaOODSP |
| 005 | 20221107133548 |
| 007 | cr ||||||||||| |
| 008 | 150406d19962012oncar p o f0 a0eng|d |
| 020 | |z0-662-65391-2|z0-662-66352-7|z0-662-67288-7|z0-662-68099-5|z0-662-68906-2|z0-662-49116-5|z978-0-662-49914-5|z978-0-662-05559-4|z978-1-100-12071-3|z978-1-100-15155-7 |
| 022 | |a1494-5738 |
| 040 | |aCaOODSP|beng |
| 043 | |an-cn--- |
| 086 | 1 |aHR1E-PDF |
| 110 | 2 |aCanadian Human Rights Commission. |
| 210 | 0 |aAnnu. rep. |b(Can. Hum. Rights Comm., Online) |
| 222 | 0|aAnnual report |b(Canadian Human Rights Commission. Online) |
| 245 | 10|aAnnual report |h[electronic resource] / |cCanadian Human Rights Commission. |
| 260 | |aOttawa : |bCanadian Human Rights Commission, |c[199--2013] |
| 310 | |aAnnual |
| 362 | 0 |aBegan with 1996 ; ceased with 2012. |
| 500 | |aIssued also in French under title : Rapport annuel / Commission canadienne des droits de la personne. |
| 520 | |aReport to Parliament on the activities of the Canadian Human Rights Commission. |
| 530 | |aIssued also in print version, large print, braille, on sound cassette, on computer disk and on CD-ROM. |
| 775 | 08|tRapport annuel |w(CaOODSP)9.502351 |
| 776 | 0#|tCanadian Human Rights Commission - annual report |w(CaOODSP)9.515675 |
| 776 | 0#|tCanadian Human Rights Commission - annual report |w(CaOODSP)9.511930 |
| 785 | 00|t... annual report to Parliament |w(CaOODSP)9.833935 |